书目信息 |
| 题名: |
土地资源管理学
|
|
| 作者: | 王万茂 主编 | |
| 分册: | ||
| 出版信息: | 北京 高等教育出版社 2003.08 |
|
| 页数: | 518页 | |
| 开本: | 24cm | |
| 丛书名: | 高等学校公共管理类主要课程教材 | |
| 单 册: | ||
| 中图分类: | F301.2 | |
| 科图分类: | ||
| 主题词: | 土地资源--资源管理--高等学校--教材 , 农业经济学 | |
| 电子资源: | ||
| ISBN: | 7-04-012266-9 | |
| 000 | 00869nam2 2200277 45 | |
| 001 | 012004000000 | |
| 005 | 20050330104855.47 | |
| 010 | @a7-04-012266-9@dCNY 37.40 | |
| 100 | @a20040630d2003 em y0chiy0121 ea | |
| 101 | 0 | @achi |
| 102 | @aCN@b110000 | |
| 105 | @ay z 000yy | |
| 200 | 1 | @a土地资源管理学@Atu di zi yuan guan li xue@f王万茂主编 |
| 210 | @a北京@c高等教育出版社@d2003.08 | |
| 215 | @a518页@d24cm | |
| 225 | 2 | @a高等学校公共管理类主要课程教材 |
| 300 | @a普通高等教育“十五”国家级规划教材 面向21世纪课程教材 | |
| 320 | @a本书含参考文献和附录 | |
| 410 | 0 | @12001 @a高等学校公共管理类主要课程教材 |
| 510 | 1 | @aTextbook series for 21st century@zeng |
| 606 | 0 | @a土地资源@x资源管理@x高等学校@j教材 |
| 606 | 0 | @a农业经济学 |
| 690 | @aF301.2@v4 | |
| 701 | 0 | @a王万茂@Awang wan mao@4主编 |
| 801 | 0 | @aCN@bQSSK@c20050330 |
| 905 | @dF301.2@eW374 | |
| 土地资源管理学/王万茂主编.-北京:高等教育出版社,2003.08 |
| 518页;24cm.-(高等学校公共管理类主要课程教材) |
| 普通高等教育“十五”国家级规划教材 面向21世纪课程教材 |
| ISBN 7-04-012266-9:CNY 37.40 |
| ● |
| 相关链接 |
|
|
|
正题名:土地资源管理学
索取号:F301.2/W374
 
预约/预借
| 序号 | 登录号 | 条形码 | 馆藏地/架位号 | 状态 | 备注 |
| 1 | 386764 | 203867645 | 社科二线422/409社科库 32排4列3层/ [索取号:F301.2/W374] | 在馆 | |
| 2 | 386765 | 203867654 | 社科库409/409社科库 32排4列2层/ [索取号:F301.2/W374] | 在馆 | |
| 3 | 386766 | 203867663 | 社科库409/422社科库 37排4列2层/ [索取号:F301.2/W374] | 在馆 | |
| 4 | 440216 | 204402164 | 社科库409/409社科库 32排4列2层/ [索取号:F301.2/W374] | 在馆 | |
| 5 | 440217 | 204402173 | 社科库409/422社科库 37排4列2层/ [索取号:F301.2/W374] | 在馆 | |
| 6 | 440218 | 204402182 | 社科二线422/409社科库 32排4列3层/ [索取号:F301.2/W374] | 在馆 |